[Event "Oberliga Baden 0203"]
[Site "Germany"]
[Date "2002.11.17"]
[Round "2.5"]
[White "Florea, Dan"]
[Black "Bogdanovich, Grigory Grigorievic"]
[Result "1-0"]
[WhiteElo "2281"]
[BlackElo "2401"]
[PlyCount "71"]
[EventDate "2002.10.20"]
[EventType "team-tourn"]
[EventRounds "9"]
[EventCountry "GER"]
[SourceTitle "EXT 2018"]
[Source "ChessBase"]
[SourceDate "2017.10.13"]
[SourceVersion "1"]
[SourceVersionDate "2017.10.13"]
[SourceQuality "1"]
[WhiteTeam "Untergrombach"]
[BlackTeam "Bad Mergentheim"]
[WhiteTeamCountry "GER"]
[BlackTeamCountry "GER"]

1. d4 d5 2. c4 Nc6 3. e3 e5 4. cxd5 Qxd5 5. Nc3 Bb4 6. Bd2 Bxc3 7. bxc3 Nf6 8. Ne2 0-0 9. c4 Qd6 10. d5 Ne7 11. Nc3 c6 12. e4 b5 13. dxc6 bxc4 14. Bxc4 Qd4 15. Qe2 Nxc6 16. Rc1 Qd8 17. 0-0 Nd4 18. Qd3 Be6 19. Bg5 Bxc4 20. Qxc4 Rc8 21. Qd3 Qa5 22. Rfe1 Qa3 23. Qd2 Rfd8 24. Qe3 Qa6 25. h3 Rc6 26. Kh2 Rdc8 27. Bxf6 gxf6 28. Nd5 Rxc1 29. Rxc1 Rxc1 30. Qxc1 Kg7 31. Qe3 Qxa2 32. Qg3+ Kf8 33. Nxf6 Qe6 34. Qg8+ Ke7 35. Nd5+ Kd7 36. Qxh7 1-0

[Event "Olomouc Inline Czechia Cup"]
[Site "Olomouc"]
[Date "2002.08.06"]
[Round "7"]
[White "Jirka, Jiri"]
[Black "Florea, Dan"]
[Result "0-1"]
[WhiteElo "2400"]
[BlackElo "2303"]
[PlyCount "64"]
[EventDate "2002.07.31"]
[EventType "tourn"]
[EventRounds "11"]
[EventCountry "CZE"]
[EventCategory "2"]
[SourceTitle "CBM 089 Extra"]
[Source "ChessBase"]
[SourceDate "2002.09.10"]
[SourceVersion "2"]
[SourceVersionDate "2002.09.10"]
[SourceQuality "1"]

1. d4 Nf6 2. c4 e6 3. g3 d5 4. Nf3 dxc4 5. Bg2 Nc6 6. Qa4 Nd7 7. Qxc4 Nb6 8. Qd3 e5 9. Be3 Bb4+ 10. Nc3 exd4 11. Nxd4 Nxd4 12. Bxd4 0-0 13. Rd1 c5 14. a3 Qxd4 15. axb4 Qxd3 16. Rxd3 cxb4 17. Nd5 Nxd5 18. Bxd5 Re8 19. 0-0 Bg4 20. e3 Be6 21. Rd4 a5 22. Bxb7 Ra7 23. Bg2 Rc8 24. f4 g6 25. e4 Rd7 26. Rxd7 Bxd7 27. f5 a4 28. Rd1 Bb5 29. f6 h6 30. e5 Bc4 31. Rc1 a3 32. bxa3 bxa3 0-1

[Event "Olomouc Inline Czechia Cup"]
[Site "Olomouc"]
[Date "2002.08.05"]
[Round "6"]
[White "Bernasek, Jan"]
[Black "Florea, Dan"]
[Result "1-0"]
[WhiteElo "2289"]
[BlackElo "2303"]
[PlyCount "93"]
[EventDate "2002.07.31"]
[EventType "tourn"]
[EventRounds "11"]
[EventCountry "CZE"]
[EventCategory "2"]
[SourceTitle "CBM 089 Extra"]
[Source "ChessBase"]
[SourceDate "2002.09.10"]
[SourceVersion "2"]
[SourceVersionDate "2002.09.10"]
[SourceQuality "1"]

1. d4 e6 2. c4 Nf6 3. Nf3 b6 4. g3 Bb7 5. Bg2 Be7 6. 0-0 0-0 7. Nc3 Ne4 8. Qc2 f5 9. Ne5 Nd6 10. e4 Nc6 11. Nxc6 Bxc6 12. d5 Bb7 13. e5 Nxc4 14. d6 Bxg2 15. dxe7 Qxe7 16. Kxg2 Nxe5 17. Bf4 Qc5 18. Bxe5 Qxe5 19. Rfe1 Qc5 20. Rad1 f4 21. f3 fxg3 22. hxg3 Rf7 23. Qe4 Raf8 24. Rd3 a5 25. Red1 Rd8 26. Qh4 Qe7 27. Qxe7 Rxe7 28. Nb5 d5 29. Nd4 Ree8 30. Re3 Kf7 31. Rde1 Rd6 32. f4 c5 33. Nf3 h6 34. Ne5+ Kf6 35. f5 d4 36. Re4 d3 37. Nc4 Rd5 38. fxe6 b5 39. Rf1+ Kg5 40. Ne3 Rd4 41. Re5+ Kg6 42. e7 Rd7 43. Nd5 c4 44. Rf8 d2 45. Rxe8 d1Q 46. Nf4+ Kf6 47. Re6+ 1-0

[Event "Olomouc Inline Czechia Cup"]
[Site "Olomouc"]
[Date "2002.07.31"]
[Round "1"]
[White "Florea, Dan"]
[Black "Dushenok, Anna"]
[Result "1-0"]
[WhiteElo "2303"]
[BlackElo "2200"]
[PlyCount "71"]
[EventDate "2002.07.31"]
[EventType "tourn"]
[EventRounds "11"]
[EventCountry "CZE"]
[EventCategory "2"]
[SourceTitle "CBM 089 Extra"]
[Source "ChessBase"]
[SourceDate "2002.09.10"]
[SourceVersion "2"]
[SourceVersionDate "2002.09.10"]
[SourceQuality "1"]

1. d4 d5 2. c4 Nc6 3. e3 e5 4. cxd5 Qxd5 5. Nc3 Bb4 6. Bd2 Bxc3 7. bxc3 exd4 8. cxd4 Nf6 9. Nf3 0-0 10. Be2 Bf5 11. 0-0 Be4 12. Qa4 a6 13. Rfc1 Qd6 14. a3 h6 15. Bc3 Bd5 16. Nd2 Qe6 17. Qc2 Rfe8 18. Re1 Qd6 19. Bd3 Ng4 20. Nf1 Be6 21. Rad1 Rad8 22. Qb2 b5 23. h3 Nf6 24. e4 Nh5 25. d5 Nf4 26. Re3 Bc8 27. dxc6 Qxc6 28. Bxg7 Kh7 29. Bc3 Bb7 30. Be5 Ng6 31. Rc1 Nxe5 32. Rxc6 Bxc6 33. Be2 Ba8 34. Qc3 Rc8 35. f4 Ng6 36. Qf6 1-0

[Event "Baden VLN 0102"]
[Site "Germany"]
[Date "2002.05.05"]
[Round "9.2"]
[White "Florea, Dan"]
[Black "Heinrich, Thomas"]
[Result "1-0"]
[WhiteElo "2298"]
[BlackElo "2248"]
[PlyCount "85"]
[EventDate "2001.09.30"]
[EventType "team"]
[EventRounds "9"]
[EventCountry "GER"]
[SourceTitle "EXT 2003"]
[Source "ChessBase"]
[SourceDate "2002.11.25"]
[SourceVersion "1"]
[SourceVersionDate "2002.11.25"]
[SourceQuality "1"]
[WhiteTeam "Untergrombach"]
[BlackTeam "Mosbach"]
[WhiteTeamCountry "GER"]
[BlackTeamCountry "GER"]

1. d4 Nf6 2. c4 g6 3. Nc3 d5 4. cxd5 Nxd5 5. Bd2 Bg7 6. e4 Nb6 7. Be3 0-0 8. Be2 Nc6 9. Nf3 Bg4 10. d5 Na5 11. Bd4 Bxf3 12. gxf3 c5 13. Bxg7 Kxg7 14. Qc2 Rc8 15. Nb5 Nd7 16. Nxa7 Ra8 17. Nb5 Qb6 18. 0-0 Qf6 19. Qc3 Ne5 20. Rac1 Rfc8 21. Qe3 Nd7 22. Rc2 b6 23. f4 Nb7 24. Bg4 Rd8 25. Qg3 Kh8 26. e5 Qg7 27. b3 Nf8 28. Bf3 f6 29. Re1 fxe5 30. fxe5 e6 31. d6 Qd7 32. Nc7 Ra7 33. Qg5 Na5 34. Qf6+ Kg8 35. Bg4 Re8 36. Nxe8 Qxe8 37. Be2 Rf7 38. Qh4 Qc6 39. Rd2 Nd7 40. Bf1 Qf3 41. Rd3 Qf5 42. Qg3 Nc6 43. Bh3 1-0

[Event "Baden VLN 0102"]
[Site "Germany"]
[Date "2002.03.10"]
[Round "8.1"]
[White "Florea, Dan"]
[Black "Guenthner, Oliver"]
[Result "1/2-1/2"]
[WhiteElo "2298"]
[BlackElo "2295"]
[PlyCount "48"]
[EventDate "2001.09.30"]
[EventType "team"]
[EventRounds "9"]
[EventCountry "GER"]
[SourceTitle "EXT 2003"]
[Source "ChessBase"]
[SourceDate "2002.11.25"]
[SourceVersion "1"]
[SourceVersionDate "2002.11.25"]
[SourceQuality "1"]
[WhiteTeam "Untergrombach"]
[BlackTeam "Conweiler"]
[WhiteTeamCountry "GER"]
[BlackTeamCountry "GER"]

1. d4 g6 2. c4 Bg7 3. e4 d6 4. Nc3 Nc6 5. Nge2 e5 6. Be3 Nh6 7. d5 Ne7 8. f3 f5 9. Qd2 f4 10. Bf2 g5 11. h3 b6 12. 0-0-0 Ng6 13. Kb1 0-0 14. Nc1 Kh8 15. Be2 Nh4 16. Rdg1 Bd7 17. g3 fxg3 18. Rxg3 Nf7 19. Be3 h6 20. Nd3 Kh7 21. Ne1 Nh8 22. Ng2 N8g6 23. Rg1 Nxg2 24. R1xg2 Rf7 1/2-1/2

[Event "Baden VLN 0102"]
[Site "Germany"]
[Date "2002.01.27"]
[Round "6.2"]
[White "Roetteler, Martin"]
[Black "Florea, Dan"]
[Result "1/2-1/2"]
[WhiteElo "2230"]
[BlackElo "2298"]
[PlyCount "135"]
[EventDate "2001.09.30"]
[EventType "team"]
[EventRounds "9"]
[EventCountry "GER"]
[SourceTitle "EXT 2003"]
[Source "ChessBase"]
[SourceDate "2002.11.25"]
[SourceVersion "1"]
[SourceVersionDate "2002.11.25"]
[SourceQuality "1"]
[WhiteTeam "Ladenburg"]
[BlackTeam "Untergrombach"]
[WhiteTeamCountry "GER"]
[BlackTeamCountry "GER"]

1. d4 Nf6 2. c4 e6 3. Nc3 Bb4 4. Qc2 c5 5. dxc5 0-0 6. a3 Bxc5 7. Nf3 Nc6 8. Bg5 Nd4 9. Nxd4 Bxd4 10. e3 Qa5 11. exd4 Qxg5 12. Qd2 Qxd2+ 13. Kxd2 b6 14. b4 d6 15. f3 Bb7 16. Bd3 Rfc8 17. Nb5 Rd8 18. Rhb1 Bc6 19. Nc3 Nd7 20. Ke3 Kf8 21. h4 h6 22. Rb2 Ke7 23. g4 a5 24. Raa2 axb4 25. axb4 Rxa2 26. Rxa2 Ra8 27. b5 Bb7 28. Rxa8 Bxa8 29. Na4 Kd8 30. g5 hxg5 31. hxg5 Kc7 32. f4 Bg2 33. Kf2 Bb7 34. Bh7 Kd8 35. Bd3 Kc7 36. Ke3 Bg2 37. Be2 Bb7 38. Bh5 g6 39. Bg4 Bc8 40. Bf3 Bb7 41. Bg4 Bc8 42. Kd3 f5 43. gxf6 Nxf6 44. Bf3 Bd7 45. Nc3 Be8 46. Ke3 Bf7 47. Be2 Nd7 48. Ne4 Be8 49. Ng5 Nf8 50. Bg4 Bd7 51. Bf3 d5 52. cxd5 exd5 53. Bxd5 Bxb5 54. Bb3 Bd7 55. d5 Bf5 56. Kd4 Nd7 57. Nf7 Nc5 58. Bc4 Nd7 59. Bb5 Nf6 60. d6+ Kc8 61. Ne5 Kd8 62. Bc6 Ng4 63. Nc4 Bd7 64. Be4 b5 65. Na5 Be8 66. Bd5 Nf6 67. Be6 Bd7 68. Bxd7 1/2-1/2

[Event "Baden VLN 0102"]
[Site "Germany"]
[Date "2002.01.13"]
[Round "5.2"]
[White "Werner, Clemens"]
[Black "Florea, Dan"]
[Result "1-0"]
[WhiteElo "2347"]
[BlackElo "2298"]
[PlyCount "79"]
[EventDate "2001.09.30"]
[EventType "team"]
[EventRounds "9"]
[EventCountry "GER"]
[SourceTitle "EXT 2003"]
[Source "ChessBase"]
[SourceDate "2002.11.25"]
[SourceVersion "1"]
[SourceVersionDate "2002.11.25"]
[SourceQuality "1"]
[WhiteTeam "Karlsruhe II"]
[BlackTeam "Untergrombach"]
[WhiteTeamCountry "GER"]
[BlackTeamCountry "GER"]

1. e4 e6 2. d4 d5 3. Nc3 Nf6 4. e5 Nfd7 5. f4 c5 6. Nf3 Nc6 7. Be3 a6 8. Qd2 b5 9. dxc5 Bxc5 10. a3 Qb6 11. Bxc5 Nxc5 12. b4 Nd7 13. Bd3 f6 14. exf6 Nxf6 15. Qf2 Qxf2+ 16. Kxf2 0-0 17. Rhe1 Bd7 18. Kg1 Rae8 19. Re2 h6 20. Rae1 Rc8 21. Nb1 d4 22. Nbd2 Nd5 23. g3 g5 24. fxg5 hxg5 25. Ne5 Nxe5 26. Rxe5 Ne3 27. Rxg5+ Kf7 28. Ne4 Rc7 29. Nc5 Bc8 30. c3 Nf5 31. cxd4 Nxd4 32. Rf1+ Ke8 33. Rh5 Nf3+ 34. Kg2 Rxc5 35. bxc5 Bb7 36. Kh3 e5 37. Bg6+ Kd8 38. Bf5 Nd4 39. g4 Nxf5 40. Rhxf5 1-0

[Event "Oberliga Baden 0001"]
[Site "Baden"]
[Date "2001.04.29"]
[Round "9.2"]
[White "Florea, Dan"]
[Black "Schuh, Hubert"]
[Result "1-0"]
[WhiteElo "2298"]
[BlackElo "2306"]
[PlyCount "51"]
[EventDate "2000.10.15"]
[EventType "team"]
[EventRounds "9"]
[EventCountry "GER"]
[SourceTitle "EXT 2002"]
[Source "ChessBase"]
[SourceDate "2001.11.25"]
[SourceVersion "1"]
[SourceVersionDate "2001.11.25"]
[SourceQuality "1"]

1. d4 d5 2. c4 dxc4 3. e3 Nf6 4. Bxc4 e6 5. Nf3 c5 6. 0-0 a6 7. Qe2 Nc6 8. Rd1 Qc7 9. Nc3 Bd6 10. dxc5 Bxc5 11. a3 b5 12. Bd3 Bb7 13. b4 Be7 14. Bb2 0-0 15. Rac1 h6 16. Ne4 Nd7 17. Nd4 Qb6 18. Nxc6 Bxc6 19. Qg4 e5 20. Ng3 Nf6 21. Qf5 Rfe8 22. Qxe5 Rad8 23. Nf5 Qb7 24. Rxc6 Qxc6 25. Nxe7+ Rxe7 26. Qxe7 1-0

[Event "Oberliga Baden 0001"]
[Site "Baden"]
[Date "2001.04.01"]
[Round "8.2"]
[White "Keitlinghaus, Ludger"]
[Black "Florea, Dan"]
[Result "1-0"]
[WhiteElo "2478"]
[BlackElo "2298"]
[PlyCount "121"]
[EventDate "2000.10.15"]
[EventType "team"]
[EventRounds "9"]
[EventCountry "GER"]
[SourceTitle "EXT 2002"]
[Source "ChessBase"]
[SourceDate "2001.11.25"]
[SourceVersion "1"]
[SourceVersionDate "2001.11.25"]
[SourceQuality "1"]

1. e4 e6 2. d4 d5 3. e5 c5 4. c3 Qb6 5. Nf3 Bd7 6. Be2 Bb5 7. Qb3 Bxe2 8. Qxb6 axb6 9. Kxe2 Nc6 10. Na3 c4 11. Nc2 b5 12. a3 Na5 13. Bf4 Nb3 14. Rae1 Ne7 15. h4 Nc8 16. h5 h6 17. Nd2 Nb6 18. Rb1 Nxd2 19. Kxd2 Be7 20. Rbe1 0-0 21. Bg3 Rae8 22. Ne3 f5 23. f4 Kh7 24. Bh2 Rf7 25. Reg1 Nc8 26. g4 Bh4 27. Ke2 Ne7 28. Ng2 g5 29. Nxh4 gxh4 30. g5 Rg7 31. g6+ Kg8 32. Ra1 Nc6 33. Bg1 Ra8 34. Bf2 b6 35. Bxh4 Rga7 36. Rab1 b4 37. axb4 Ra2 38. Ke3 R8a4 39. Rhg1 Nxb4 40. cxb4 Rxb4 41. Rgc1 b5 42. Be1 Rb3+ 43. Rc3 Rbxb2 44. Rxb2 Rxb2 45. Ra3 Rh2 46. Kf3 Rh3+ 47. Bg3 b4 48. Ra8+ Kg7 49. Ra7+ Kg8 50. Rb7 c3 51. Rxb4 Rxh5 52. Rb1 Kg7 53. Kg2 Kxg6 54. Rc1 Kf7 55. Rxc3 Ke7 56. Rc7+ Kd8 57. Ra7 Ke8 58. Be1 Kd8 59. Ra8+ Kd7 60. Rh8 Ke7 61. Ba5 1-0